| 000 | 00506nam a2200169Ia 4500 | ||
|---|---|---|---|
| 999 |
_c16327 _d16327 |
||
| 003 | OSt | ||
| 005 | 20200606115909.0 | ||
| 008 | 190216s9999||||xx |||||||||||||| ||und|| | ||
| 040 | _cMESKC library | ||
| 082 |
_a394.13 _bKAN/S |
||
| 100 |
_aKandapal, Poorna Chandra _9446 |
||
| 245 | 0 |
_aSharab, Dhumrapan Aur Aap / _cPoorna Chandra Kandapal |
|
| 260 |
_bKampitent Kmpyutasar, _aDelhi: _c2003. |
||
| 300 | _a126p | ||
| 650 | _aHindi | ||
| 942 |
_cBK _2ddc _h394.13 _iKAN/S _k394.13 _mKAN/S |
||